[Event "IECG TE.2006.P.02129 email"]
[Site "IECG email"]
[Date "2006.03.17"]
[Round "1"]
[White "Moeckel, Jean"]
[Black "Rosenkoetter, David"]
[Result "1-0"]
[WhiteElo "1402"]
[BlackElo "932"]
[PlyCount "60"]
[EventDate "2006.03.17"]
[EventType "tourn (corr)"]
[EventRounds "12"]
[SourceTitle "Corr 2024"]
[Source "ChessBase"]
[SourceDate "2023.10.19"]
[SourceVersion "1"]
[SourceVersionDate "2023.10.19"]
[SourceQuality "1"]

1. e4 c5 2. f4 d5 3. d3 dxe4 4. dxe4 Qxd1+ 5. Kxd1 a6 6. Nc3 Bg4+ 7. Be2 Bxe2+ 8. Kxe2 Nc6 9. Nf3 e6 10. Be3 Bd6 11. Rad1 Bc7 12. f5 Nf6 13. fxe6 fxe6 14. Bxc5 Rd8 15. Rxd8+ Bxd8 16. e5 Nd7 17. Bd6 Be7 18. Ne4 0-0 19. Rd1 Bxd6 20. exd6 Nde5 21. Nxe5 Nxe5 22. Nc5 Rc8 23. d7 Rd8 24. Rd6 Kf7 25. a4 b6 26. Rxb6 Nxd7 27. Rb7 Ke7 28. Ra7 Ke8 29. Nxe6 Rc8 30. Nxg7+ Kf7 1-0

[Event "IECG QF.2005.0.00069 email"]
[Site "IECG email"]
[Date "2005.08.26"]
[Round "?"]
[White "Rosenkoetter, David"]
[Black "Venturas, Bob"]
[Result "0-1"]
[WhiteElo "1000"]
[BlackElo "772"]
[PlyCount "128"]
[EventDate "2005.08.26"]
[EventType "tourn (corr)"]
[EventRounds "6"]
[SourceTitle "Corr 2008"]
[Source "ChessBase"]
[SourceDate "2008.06.24"]
[SourceVersion "1"]
[SourceVersionDate "2008.06.24"]
[SourceQuality "1"]

1. d4 d5 2. Nf3 c5 3. c3 Qa5 4. dxc5 Nc6 5. Bf4 Bg4 6. e3 e5 7. Bxe5 Nxe5 8. Qxd5 Nxf3+ 9. gxf3 Rd8 10. Qe5+ Be6 11. a4 Qxc5 12. Bb5+ Rd7 13. Qb8+ Ke7 14. Bxd7 Bxd7 15. Qxb7 Nf6 16. b4 Qb6 17. Qxb6 axb6 18. b5 Ke6 19. 0-0 Bc5 20. Nd2 Rc8 21. c4 Bb4 22. Rfd1 Bxd2 23. Rxd2 Rxc4 24. Rad1 Rxa4 25. Rd6+ Ke7 26. Rxb6 Ra7 27. Ra6 Rb7 28. b6 Ke6 29. Rb1 Kd6 30. f4 Bc8 31. Rb4 Kc5 32. Rb2 Bh3 33. Ra8 g6 34. Rd2 Rxb6 35. Ra1 Kc6 36. f3 Nd7 37. Rc1+ Nc5 38. e4 Be6 39. e5 Rb3 40. Rd6+ Kb5 41. Rd2 Nd3 42. Ra1 Nxf4 43. Rda2 Rb4 44. Ra5+ Kc4 45. Rc1+ Kd4 46. Re1 Nd3 47. Re4+ Kc3 48. Ra3+ Rb3 49. Ra1 Kc2 50. Re2+ Kc3 51. Re3 Kd2 52. Re4 Bh3 53. Rh4 Bf5 54. Rxh7 Be6 55. Rf1 Nxe5 56. Rh4 Nxf3+ 57. Rxf3 Rxf3 58. Rd4+ Ke3 59. Rb4 Bh3 60. Rb3+ Ke2 61. Rxf3 Kxf3 62. Kh1 Bg2+ 63. Kg1 f5 64. h3 Bxh3 0-1

[Event "IECG TE.2005.P.01805 email"]
[Site "IECG email"]
[Date "2005.03.24"]
[Round "?"]
[White "Rosenkoetter, David"]
[Black "Yukman, Tham"]
[Result "0-1"]
[WhiteElo "1000"]
[BlackElo "2068"]
[PlyCount "58"]
[EventDate "2005.03.24"]
[EventType "tourn (corr)"]
[EventRounds "8"]
[SourceTitle "Corr 2008"]
[Source "ChessBase"]
[SourceDate "2008.06.24"]
[SourceVersion "1"]
[SourceVersionDate "2008.06.24"]
[SourceQuality "1"]

1. d4 Nf6 2. c4 c5 3. d5 b5 4. Nf3 g6 5. cxb5 a6 6. b6 d6 7. Nc3 Nbd7 8. e4 Bg7 9. Bf4 0-0 10. Qd2 Qxb6 11. Na4 Qb7 12. Bd3 e5 13. Bh6 Bxh6 14. Qxh6 Qb4+ 15. Nc3 c4 16. Be2 Nxe4 17. Qc1 Bb7 18. 0-0 Nxc3 19. Qxc3 Qxc3 20. bxc3 Rac8 21. Rab1 Bxd5 22. Rfd1 Rc5 23. Rd2 Ra5 24. Rbd1 Nf6 25. Nh4 Be6 26. Rxd6 Ne4 27. Rc6 Nxc3 28. Rd2 Rd5 29. Rxd5 Nxe2+ 0-1

[Event "IECG CP.2000.P.00062"]
[Site "IECG email"]
[Date "2000.10.01"]
[Round "?"]
[White "Mann, Derek"]
[Black "Rosenkoetter, David"]
[Result "1-0"]
[WhiteElo "1678"]
[BlackElo "1000"]
[PlyCount "47"]
[EventDate "2000.10.01"]
[EventType "tourn (corr)"]
[EventRounds "6"]
[EventCountry "EST"]
[SourceTitle "Corr 2008"]
[Source "ChessBase"]
[SourceDate "2008.06.24"]
[SourceVersion "1"]
[SourceVersionDate "2008.06.24"]
[SourceQuality "1"]

1. e4 c5 2. d4 cxd4 3. c3 dxc3 4. Nxc3 Nc6 5. Nf3 e6 6. Bf4 Bb4 7. Qb3 Qf6 8. Be3 Bxc3+ 9. bxc3 Ne5 10. Be2 h6 11. 0-0 Ne7 12. Rad1 Nxf3+ 13. Bxf3 g5 14. e5 Qg7 15. Rfe1 h5 16. c4 Nc6 17. Bc5 Nxe5 18. Rxe5 g4 19. Bxb7 Qxe5 20. Bd6 Qe2 21. Bxa8 h4 22. Rc1 g3 23. fxg3 Qg4 24. Qb8 1-0

[Event "IECG CP.2000.P.00062"]
[Site "IECG email"]
[Date "2000.10.01"]
[Round "?"]
[White "Schoenbuchner, Gerhard"]
[Black "Rosenkoetter, David"]
[Result "1-0"]
[WhiteElo "2019"]
[BlackElo "1000"]
[PlyCount "33"]
[EventDate "2000.10.01"]
[EventType "tourn (corr)"]
[EventRounds "6"]
[EventCountry "EST"]
[SourceTitle "Corr 2008"]
[Source "ChessBase"]
[SourceDate "2008.06.24"]
[SourceVersion "1"]
[SourceVersionDate "2008.06.24"]
[SourceQuality "1"]

1. d4 Nf6 2. c4 g6 3. Nc3 d5 4. cxd5 Nxd5 5. e4 Nxc3 6. bxc3 Bg7 7. Nf3 c5 8. Rb1 0-0 9. Be2 cxd4 10. cxd4 Qa5+ 11. Bd2 Qxa2 12. 0-0 Bg4 13. Bg5 h6 14. Be3 Nc6 15. d5 Rfd8 16. Rxb7 Rab8 17. dxc6 1-0